01018nam a2200265 a 4500001001300000003000900013005001700022008004100039020002900080040003200109041001300141082002300154100003100177240003500208245008000243260003600323300002800359490003400387504003100421546004900452655009500501655008900596700003200685830003500717000000427163IT-MiSPE20180511140817.0170206s2017 it 000 u ita d a9788858124550c38.00 EUR aIT-MiSPEbitadfbcIT-MiSPE1 agrcaita a185-ARI me (23148)0 aAristoteles,d384-322 a.C.10aMetaphysica.lGreco e italiano10aMetafisica /cAristotele ; traduzione, introduzione e note di Enrico Berti. aRoma ;aBari :bLaterza,c2017. axxxiii, 662 p. ;c21 cm1 aBiblioteca filosofica Laterza aBibliografia: p. [651]-660 aTesto greco con traduzione italiana a fronte 7aFilosofia greca e romanaxAristoteles, 384-322 a.C.xTesti e testi con commentario.2local 7aFilosofia. Metafisica. OntologiaxLibri generali e manuali in lingue moderne.2local1 aBerti, Enrico,d1935-,eed. 0aBiblioteca filosofica Laterza.